000 00408pab a2200145 454500
008 180718b2001 xxu||||| |||| 00| 0 eng d
100 _aBsrown, Michelle
245 _aUnequal pay, unequal responses? pay reference and their implications for pay level satisfaction
260 _c2001
300 _ap.879-96
362 _aSep
650 _aWages
773 _aJournal of Management Studies
909 _a50043
999 _c50043
_d50043